Movies Quiz

Random Movies or Disney Quiz

Disney Nicknames Quiz Stats

Quiz Updated Mar 7, 2016

Challenge
Share
Tweet
Embed
Score 0/34 Timer 07:00
16 Plays Today
% Correct
Beauty
89.8%
That Devil Woman
85.1%
Shark Bait
82.6%
Street Rat
82.5%
Little Wooden Head
80.9%
Jumbo Jr.
75.7%
Experiment 626
75.6%
Papa Bear
73.9%
Man Cub
72.5%
The Phony King of England
71.9%
Ping
69.3%
Dr. Porkchop
68.3%
Little Chef
64.2%
Mr. Incredible
64.1%
Sorcerer's Apprentice
63.9%
Prospector
62.1%
Briar Rose
61%
% Correct
Chief Flying Eagle
60.2%
Hudson Hornet
58.7%
Carrots
55%
Butch
54.2%
Eugene Fitzherbert
53.7%
Codfish
53.3%
Mary Ann
50.3%
Vanessa
48.4%
The World's Greatest Criminal Mind
47.7%
Ol' Bushel Britches
41.6%
George Geef
40.7%
Mrs. Nesbitt
38.7%
Syndrome
38.2%
Wart
35.3%
Shadow Man
35%
Pigeon
33.3%
Octavius
31.9%

You're not logged in!

Compare scores with friends on all Sporcle quizzes.
Sign Up with Email
OR
Log In

You Might Also Like...

Show Comments

Extras

Top Quizzes Today


Score Distribution

Your Account Isn't Verified!

In order to create a playlist on Sporcle, you need to verify the email address you used during registration. Go to your Sporcle Settings to finish the process.